Madrid, visita y recuerdo : (Record no. 63081)

MARC details
000 -LEADER
campo de control de longitud fija 01074nam a2200277 4500
001 - NÚMERO DE CONTROL
campo de control 63081
003 - IDENTIFICADOR DE NÚMERO DE CONTROL
campo de control ES-MaACL
005 - FECHA Y HORA DE LA ÚLTIMA TRANSACCIÓN
campo de control 20230906164802.0
007 - CAMPO FIJO DE DESCRIPCIÓN FÍSICA--INFORMACIÓN GENERAL
campo de control de longitud fija t|
008 - DATOS DE LONGITUD FIJA--INFORMACIÓN GENERAL
campo de control de longitud fija 031128s1964 sp efo |||| | spa d
080 ## - NÚMERO DE LA CLASIFICACIÓN DECIMAL UNIVERSAL
Número de la Clasificación Decimal Universal 914.602.7 M. (036)
100 1# - ENTRADA PRINCIPAL--NOMBRE DE PERSONA
Nombre de persona Fernández de Villegas, A.
9 (RLIN) 49725
245 10 - MENCIÓN DEL TÍTULO
Título Madrid, visita y recuerdo :
Resto del título guía ilustrada para visitar la capital /
Mención de responsabilidad, etc. por A. Fernández de Villegas y Lucas Vidal ; fotografías de Santos Yubero y Domínguez García ; planos de Madrid de J. Loeches.
260 ## - PUBLICACIÓN, DISTRIBUCIÓN, ETC.
Lugar de publicación, distribución, etc. Bilbao :
Nombre del editor, distribuidor, etc. Deusto,
Fecha de publicación, distribución, etc. 1964.
300 ## - DESCRIPCIÓN FÍSICA
Extensión 59 p., [12] h. de lám. col. y n. :
Otras características físicas fot. col. y n., planos ;
Dimensiones 17 x 17 cm.
490 1# - MENCIÓN DE SERIE
Mención de serie Iberia
599 ## - NOTA A LAS ILUSTRACIONES
NOTA A LAS ILUSTRACIONES Planos de J. Loeches de la conmemoración del IV Centenario de la Capitalidad.
651 #4 - PUNTO DE ACCESO ADICIONAL DE MATERIA--NOMBRE GEOGRÁFICO
Nombre geográfico Madrid-
Subdivisión de forma Guías turísticas.
9 (RLIN) 8962
700 1# - ENTRADA AGREGADA--NOMBRE PERSONAL
Nombre de persona Vidal, Lucas.
9 (RLIN) 114444
700 1# - ENTRADA AGREGADA--NOMBRE PERSONAL
Nombre de persona Santos Yubero, Martín.
9 (RLIN) 143259
700 1# - ENTRADA AGREGADA--NOMBRE PERSONAL
Nombre de persona Domínguez García, José.
9 (RLIN) 173418
700 1# - ENTRADA AGREGADA--NOMBRE PERSONAL
Nombre de persona Loeches, José.
9 (RLIN) 73089
830 1# - PUNTO DE ACCESO ADICIONAL DE SERIE-TÍTULO UNIFORME
Título uniforme Iberia
9 (RLIN) 230658
852 ## - LOCALIZACIÓN
Ubicación ES-MaACL
Número de control de estantería C-26501
Holdings
Estatus retirado Estado de pérdida Estado de daño No para préstamo Biblioteca de origen Biblioteca actual Ubicación en estantería Fecha de adquisición Fuente de adquisición Total de préstamos Signatura topográfica completa Código de barras Visto por última vez Precio de reemplazo Tipo de ítem Koha
        Biblioteca del Ateneo de Madrid Biblioteca del Ateneo de Madrid Depósito 2 17/01/2008     C-26501 1066129 23/02/2023 23/02/2023 Libro impreso